Library Banner

Analog and mixed signal electronics / (Record no. 86082)

MARC details
000 -LEADER
fixed length control field 00417nam a22001577a 4500
005 - DATE AND TIME OF LATEST TRANSACTION
control field 20240724121223.0
008 - FIXED-LENGTH DATA ELEMENTS--GENERAL INFORMATION
fixed length control field 160527b xxu||||| |||| 00| 0 eng d
020 ## - INTERNATIONAL STANDARD BOOK NUMBER
International Standard Book Number 9781118782668
040 ## - CATALOGING SOURCE
Transcribing agency PK-LaUMT
082 ## - DEWEY DECIMAL CLASSIFICATION NUMBER
Classification number 621.3815
Item number KAR-A
100 ## - MAIN ENTRY--PERSONAL NAME
Personal name Karl D. Stephan
245 ## - TITLE STATEMENT
Title Analog and mixed signal electronics /
Statement of responsibility, etc by Karl D. Stephan
260 ## - PUBLICATION, DISTRIBUTION, ETC. (IMPRINT)
Place of publication, distribution, etc New Jersy
Name of publisher, distributor, etc Wiley
Date of publication, distribution, etc 2015
300 ## - PHYSICAL DESCRIPTION
Extent 519 p.
942 ## - ADDED ENTRY ELEMENTS (KOHA)
Koha item type Books
Holdings
Withdrawn status Lost status Damaged status Home library Current library Date acquired Full call number Barcode Date last seen Price effective from Koha item type
      UMT Main Campus UMT Main Campus 2016-06-21 621.3815 KAR-A 100125 2016-07-16 2016-05-27 Books